Los problemas ocupacionales de la juventud /
Según datos oficiales el total de desempleados en Panamá, el 57 por ciento son menores de 25 años, lo cual motivó a la ponente a realizar un estudio exploratorio-descriptivo que le permitiera determinar la situación ocupacional del joven panameño, de 15 a 24 años de edad, en la última década y ubica...
Shranjeno v:
| Glavni avtor: | |
|---|---|
| Format: | Texto |
| Teme: | |
| Oznake: |
Označite
Brez oznak, prvi označite!
|
MARC
| LEADER | 00000 a a2200000 04500 | ||
|---|---|---|---|
| 001 | 16705 | ||
| 003 | |||
| 040 | |||
| 100 | |a Miranda M, Virginia | ||
| 245 | |a Los problemas ocupacionales de la juventud / |c Virginia Miranda M | ||
| 520 | |a Según datos oficiales el total de desempleados en Panamá, el 57 por ciento son menores de 25 años, lo cual motivó a la ponente a realizar un estudio exploratorio-descriptivo que le permitiera determinar la situación ocupacional del joven panameño, de 15 a 24 años de edad, en la última década y ubicados en la Región Metropolitana, donde se desarrolla alrededor del 70 por ciento de la actividad económica del país. Añade que la realidad de los jóvenes panameños obliga a reflexionar sobre la grave situación que los afecta, para lo cual es necesario su estudio que contribuya a revalorar las políticas y programas gubernamentales que se dirijan a este sector poblacional. La autora parte de la definición cronológica que establece la UNESCO sobre el concepto de juventud. EB/mb | ||
| 650 | |a JUVENTUD URBANA | ||
| 650 | |a ADOLESCENTES | ||
| 650 | |a DESEMPLEO | ||
| 650 | |a EMPLEO | ||
| 650 | |a SUBEMPLEO | ||
| 650 | |a CONDICIONES DE VIDA | ||
| 773 | |g número 7; páginas 453-456 | ||
| 999 | |c 32256 |d 32256 | ||
